000 00588nam a2200181Ia 4500
008 100920s9999 xx 000 0 und d
082 _b76186
_a891.463.1 थ 90
100 _aराजे शैलजा.
245 _aआसवांची पालखी.
260 _bमनोरमा प्रकाशन, मुंबई.
_c1990
300 _a180
_bसाधी
365 _b55
520 _aलघुकथा.
630 _aआसवांची पालखी.
650 _aलघुकथा.
730 _aआसवांची पालखी.
942 _cBOOK
999 _c717621
_d717618